00536nam a2200169Ia 4500003000900000008004100009040001600050080001600066100001900082245010300101260003900204300001000243490005300253650001900306650002200325650001900347IN-BaIIA211028s9999 xx 000 0 eng d cIIA Library a539.18bKON aKondratyev, V. 4aThe structure of atoms and moleculescKondratyev, V  aNew YorkbDover Publicationsc1965 a530p. aDover books on physical and mathematical physics aAtomic physics aMolecular physics aNASA thesaurus